000 00307nam a2200121Ia 4500
008 191201s2011 xx 000 0 und d
100 _aSHRIVASTAVA, Niranjan
245 0 _aComputer Applications in Management
260 _aN. Delhi
_bDream tech press
_c2011
300 _a659
650 _aBBA
942 _2ddc
_cBK
999 _c118
_d118